| 000 | 00695nam a2200229 4500 | ||
|---|---|---|---|
| 001 | 32485 | ||
| 003 | AR-RoBPED | ||
| 005 | 20260401100013.0 | ||
| 008 | 260331s1971 es ||||er|||| 001 1 spa d | ||
| 040 | _aAR-RoBPED | ||
| 041 | _aspa | ||
| 100 | 1 |
_aPlutarco _d46-125 _914071 |
|
| 245 | 1 |
_aAlejandro y Cesar : _bvidas paralelas. / _cPlutarco. |
|
| 260 |
_aEspaña : _bSalvat, _c1971. |
||
| 300 | _a177 p. | ||
| 490 | 0 | _a(Biblioteca Básica Salvat) | |
| 650 | 4 |
_aBIOGRAFIAS _9467 |
|
| 700 | 1 |
_aValenti Fiol, E. _96250 _eintro. |
|
| 700 | 1 |
_aRiba, Carles, _d1893-1959 _926759 _eprol. y notas |
|
| 942 |
_2udc _ak. 32485 _cBK _h92:32 _mP 68 a _ninv. 42344 |
||
| 945 | _amm 31/03/2026 - cd 01/04/2026 | ||
| 999 |
_c32485 _d32485 |
||